000 00686nam a22002417a 4500
001 BR9509004
003 BR-BrBNA
005 20230928094749.0
007 ta
008 230509b bl.||||| |||| 00| 0 por d
040 _aBR-BrBNA
_bpor
_cBiblioteca Nacional de Agricultura
041 _a(Por)
072 _aH01; D50
090 _ H01 BR9509004
110 1 _aMinisterio da Agricultura, Brasilia, DF (Brasil). Depto. de Defesa e Inspecao Vegetal
_96780
245 1 _aLegislacao federal de agrotoxicos e afins
260 3 _aBrasilia, DF (Brasil):
_c1995.
300 _a118
650 _aAgrotoxico
650 _aLegislacao
909 _a202309
_bLucia
_c55
_dLucia Elande
942 _cBK
999 _c52507
_d52507